000 01728nam a2200385 a 4500
999 _c357814
_d357814
001 000000431652
003 CaOOAMICUS
005 20180504145740.0
008 180212s2017 it 001 0 ita d
020 _a9788831193979
040 _aIT-MiSPE
_bita
_dml
_cIT-MiSPE
084 _a12 L
130 0 _aBiblia.
_pV.T.
_pIeremias.
_lItaliano.
_956896
245 1 0 _aGeremia, Lamentazioni /
_ca cura di Dean O. Wenthe ; edizione italiana a cura di Sever J. Voicu ; introduzione generale di Angelo Di Bernardino.
260 _aRoma :
_bCittà Nuova,
_c©2017.
300 _a495 p. ;
_c25 cm
490 1 _aLa Bibbia commentata dai Padri.
_aAntico Testamento ;
_v011
500 _aTit. orig.: Jeremiah, Lamentations
500 _aTesto su due colonne
504 _aContiene riferimenti bibliografici e indici
630 0 4 _aBiblia.
_pV.T.
_pIeremias
_xCommenti italiano.
_956897
630 0 4 _aBiblia.
_pV.T.
_pLamentationes
_xCommenti italiano.
_956898
655 7 _aSacra Scrittura. Studi sul Vecchio Testamento
_xProfeti maggiori.
_2local
_956786
700 1 _aDi Berardino, Angelo,
_co.s.a.,
_d1930-,
_eautore di introduzione.
_956899
700 1 _aVoicu, Sever J.,
_d1945-,
_ecuratore.
_956900
700 1 _aWenthe, Dean O.,
_ecuratore.
_956901
730 0 2 _aBiblia.
_pV.T.
_pLamentationes.
_lItaliano.
_956902
730 0 2 _aJeremiah, Lamentations.
_lItaliano.
_956903
740 0 2 _aLamentazioni.
765 0 _tBiblia.
_dDowners Grove (IL) : InterVarsity Press, ©2009.
_kAncient Christian commentary on Scripture. Old Testament
_z978-0-8308-1482-4
_w()370663
830 3 _aLa Bibbia commentata dai Padri.
_pAntico Testamento ;
_v011.
_956904
942 _2ddc
_cBK